Culture Générale - Série 2007 - Statistiques

Statistiques générales
  • Ce quiz a été pris 104 fois
  • Le résultat moyen est 3 sur 10
Statistiques - réponses
Question Réponse % Correct
Quel chanteur et trompettiste noir américain était surnommé "Satchmo" ? voir photo Louis Armstrong
62%
Quel était le prénom de l'ingénieur écossais Watt (1736-1819) ? James
55%
Dans le langage familier, c'est un film qui possède tellement de défauts qu'il en devient involontairement ridicule et comique nanar
54%
Sur quelle île de l'Atlantique se trouve la commune de "La Flotte" ?
54%
Quel chanteur français a interprété " la boîte de jazz" ? Michel Jonasz
47%
Quel était l'instrument de musique de prédilection de Ravi Shankar ? sitar
35%
Sur quel département français s'étend le massif du "Diois" ? Drôme
20%
De dit d'un regard oblique et menaçant - 5 lettres commençant par " t " torve
14%
Dans la Grèce antique, vote par lequel l’Ecclésia prononçait le bannissement de l'un de ses citoyens ostracisme
6%
Écrit adressé à un roi, à un ministre pour se faire accorder une grâce, une faveur - 6 lettres commençant par " p " placet
0%
Aucun quiz correspondant
Distribution des résultats
% des personnes avec chaque résultat
Percentile par nombre de réponses
Votre historique - résultats
Vous n’avez pas pris ce quiz